| 000 | 01583nam a22002417a 4500 | ||
|---|---|---|---|
| 001 | 3934 | ||
| 003 | FISKH | ||
| 005 | 20240524140007.0 | ||
| 008 | 240524b cb ||||| |||| 00| 0 eng d | ||
| 040 |
_aFISK _beng _cFISK _dFISK |
||
| 082 | _a177.7 | ||
| 100 |
_aThurston Jaime _d1990- |
||
| 245 |
_aKindness / _bThe little thing that matters most _cby Jaime Thurston |
||
| 260 |
_aLondon : _bThorsons , _c2017 |
||
| 300 |
_a224 pages : _billustrations ; _c21 cm |
||
| 505 | _aK | ||
| 520 | _aKindness - the little thing that matters most aims to motivate and inspire by showing readers what a difference even a small act of kindness can make. It uses the voices of those who have been helped by the author's charity - 52 Lives - to ground the ideas in real life action. The book is themed around 52 simple actions you can do to spread kindness. Interspersed throughout are nuggets of science explaining the positive effect kindness has on the brain and on the heart. This book is a call to action for people to live a more connected, fulfilling life. With inspirational quotes and personal stories this book will give you all the motivation you need to start spreading a little kindness - it's free afterall! Learn to live a life of kindness by following Jaime's infectious positivity in this charming gift book. Here are some examples:- Be a Seat Vigilante- Be Kind to Unkind People- Go High-Give Away a Minute- Embrace Curiosity. | ||
| 521 | 8 |
_a660
_bLexile |
|
| 521 | 8 |
_aK
_bRaz-Plus |
|
| 700 | _aJaime Thurston | ||
| 942 |
_2ddc _cBK _n0 |
||
| 999 |
_c3934 _d3934 |
||